Crisis coordination and the role of social media in response to covid-19 in Wuhan, China (Record no. 517739)

000 -LEADER
fixed length control field 01560nam a22001577a 4500
008 - FIXED-LENGTH DATA ELEMENTS--GENERAL INFORMATION
fixed length control field 210727b ||||| |||| 00| 0 eng d
100 ## - MAIN ENTRY--PERSONAL NAME
Personal name Li, Y., Chandra, Y. and Kapucu, N.
245 ## - TITLE STATEMENT
Title Crisis coordination and the role of social media in response to covid-19 in Wuhan, China
260 ## - PUBLICATION, DISTRIBUTION, ETC. (IMPRINT)
Place of publication, distribution, etc American Review of Public Administration
300 ## - PHYSICAL DESCRIPTION
Extent 50(6-7), Aug-Oct, 2020: p.698-705
520 ## - SUMMARY, ETC.
Summary, etc Crisis coordination and the role of social media in response to covid-19 in Wuhan, China. The commentary addresses the government’s role in mitigating information asymmetry problems during pandemic crisis response. We use the outbreak of COVID-19 in Wuhan, China, as a case to show the use of social media as a key mechanism in shaping the actions of the central government in its coordination with the local governments during the pandemic response. The Chinese government effectively collaborated with a social media platform to not only create a dedicated channel to allow citizens to post information about the pandemic to accelerate the speed of relief but also mobilize citizens and nonprofit organizations to support government response and recovery efforts. This suggests that social media can provide a venue for the government to not only tackle the information overload but also mitigate the friction among levels of governments. – Reproduced
650 ## - SUBJECT ADDED ENTRY--TOPICAL TERM
Topical term or geographic name as entry element Crisis coordination, Social media, COVID-19, Information asymmetry
9 (RLIN) 25826
773 ## - HOST ITEM ENTRY
Main entry heading American Review of Public Administration
906 ## - LOCAL DATA ELEMENT F, LDF (RLIN)
Subject DIP COVID 19 PANDEMIC
942 ## - ADDED ENTRY ELEMENTS (KOHA)
Item type Articles
Holdings
Withdrawn status Lost status Source of classification or shelving scheme Damaged status Not for loan Permanent location Current location Date acquired Serial Enumeration / chronology Barcode Date last seen Koha item type
          Indian Institute of Public Administration Indian Institute of Public Administration 2021-07-27 50(6-7), Aug-Oct, 2020: p.698-705 AR124989 2021-07-27 Articles

Powered by Koha